<?xml version="1.0" encoding="UTF-8"?><?xml-stylesheet type="text/xsl" href="static/style.xsl"?><OAI-PMH xmlns="http://www.openarchives.org/OAI/2.0/" xmlns:xsi="http://www.w3.org/2001/XMLSchema-instance" xsi:schemaLocation="http://www.openarchives.org/OAI/2.0/ http://www.openarchives.org/OAI/2.0/OAI-PMH.xsd"><responseDate>2026-06-07T05:14:05Z</responseDate><request verb="GetRecord" identifier="oai:riuma.uma.es:10630/11038" metadataPrefix="marc">https://riuma.uma.es/rest/oai/request</request><GetRecord><record><header><identifier>oai:riuma.uma.es:10630/11038</identifier><datestamp>2026-02-03T12:09:13Z</datestamp><setSpec>com_10630_2254</setSpec><setSpec>col_10630_37959</setSpec></header><metadata><record xmlns="http://www.loc.gov/MARC21/slim" xmlns:dcterms="http://purl.org/dc/terms/" xmlns:doc="http://www.lyncode.com/xoai" xmlns:xsi="http://www.w3.org/2001/XMLSchema-instance" xsi:schemaLocation="http://www.loc.gov/MARC21/slim http://www.loc.gov/standards/marcxml/schema/MARC21slim.xsd">
   <leader>00925njm 22002777a 4500</leader>
   <datafield ind2=" " ind1=" " tag="042">
      <subfield code="a">dc</subfield>
   </datafield>
   <datafield ind2=" " ind1=" " tag="720">
      <subfield code="a">Jiménez-Sánchez, Carolina</subfield>
      <subfield code="e">author</subfield>
   </datafield>
   <datafield ind2=" " ind1=" " tag="260">
      <subfield code="c">2016-02-25</subfield>
   </datafield>
   <datafield ind2=" " ind1=" " tag="520">
      <subfield code="a">Vista la infrarrepresentación de las mujeres en las mesas de negociación de la paz y de la&#xd;
reconstrucción de las sociedades post-bélicas, es necesario examinar cuál es el lugar que ocupa el&#xd;
colectivo femenino en los demás espacios conectados con el proceso de paz. En este sentido,&#xd;
podríamos hablar de escenarios en los que la conexión con el proceso de paz se produce de&#xd;
manera directa (negociaciones de paz) y, escenarios en los que existe una conexión indirecta con&#xd;
dicho proceso. Estos serían, fundamentalmente, los procesos de mediación, conciliación y buenos&#xd;
oficios que desarrollan otros actores –estatales o no- en los procesos de paz de terceros. Pero&#xd;
también la puesta en marcha de acciones institucionalizadas tendentes instaurar, mantener o&#xd;
consolidar la paz en los territorios en conflicto, es decir, un amplio rango de operaciones de paz.&#xd;
En el desarrollo de normativa internacional soft, tanto en la Plataforma de Acción de Beijing como&#xd;
en las resoluciones del Consejo de Seguridad, se ha mostrado una clara tendencia a otorgar más&#xd;
peso a los escenarios de conexión indirecta con los procesos de paz, dejando en un segundo&#xd;
plano a las negociaciones de paz strictu sensu.&#xd;
La inclusión de una perspectiva de género en esta fase de los conflictos armados se ha centrado&#xd;
en fomentar la participación de las mujeres en los procesos de paz institucionalizados a través de&#xd;
las Organizaciones Internacionales. En efecto, en la Declaración de Beijing se incluían&#xd;
recomendaciones expresas a adoptar por las Organizaciones Internacionales, especialmente&#xd;
dirigidas a Naciones Unidas. En Beijing se instaba a Naciones Unidas a remediar el desequilibrio&#xd;
en las estructuras de toma de decisiones de la Organización, especialmente en aquellas que tienen&#xd;
que ver con los procesos de paz.</subfield>
   </datafield>
   <datafield ind1="8" ind2=" " tag="024">
      <subfield code="a">http://hdl.handle.net/10630/11038</subfield>
   </datafield>
   <datafield tag="653" ind2=" " ind1=" ">
      <subfield code="a">Mujeres en la política</subfield>
   </datafield>
   <datafield tag="653" ind2=" " ind1=" ">
      <subfield code="a">Mujeres y paz</subfield>
   </datafield>
   <datafield ind2="0" ind1="0" tag="245">
      <subfield code="a">Las mujeres en los procesos de paz de las Naciones Unidas: ¿hacia la securización del género?</subfield>
   </datafield>
</record>
</metadata></record></GetRecord></OAI-PMH>